| 000 | 00777nam a2200205Ia 4500 | ||
|---|---|---|---|
| 001 | 5323 | ||
| 003 | GE_BSU | ||
| 008 | 181216s||||||||xx |||||||||||||| ||und|| | ||
| 040 | _cGE_BSU | ||
| 080 | _a512.13(075.8) | ||
| 100 | _aВересова, Е.Е.,Вересова, Е.Е., Денисова, Н.С.Полякова Т.Н., | ||
| 245 | _aПрактикум по решению математических задач. | ||
| 245 | _bУчебное пособие для студ. пед. ин-тов по математическм физич спец. | ||
| 260 | _aМосква | ||
| 260 | _bПросвещение | ||
| 260 | _c1979 | ||
| 300 | _a238с. 20 см. | ||
| 653 | _aПрактикум по решению матических задач. | ||
| 942 | _cBK | ||
| 999 |
_c38905 _d38905 |
||